Movies Quiz

Random Movies or Actor Quiz

First Oscar Nominations Quiz Stats

 Plays Quiz Updated Mar 28, 2017

Challenge
Share
Tweet
Embed
Score 0/30 Timer 10:00
0 Plays Today
Actor Film % Correct
Tom HanksBig
66.6%
Hilary SwankBoys Don't Cry
63.8%
Jodie FosterTaxi Driver
60.9%
Robert De NiroThe Godfather: Part II
48.4%
Dustin HoffmanThe Graduate
48%
Nicolas CageLeaving Las Vegas
47.4%
Humphrey BogartCasablanca
46.5%
Cate BlanchettElizabeth
40.2%
Meryl StreepThe Deer Hunter
39.4%
Robin WilliamsGood Morning, Vietnam
38.8%
Sean PennDead Man Walking
36.5%
Renee ZellwegerBridget Jones's Diary
31.8%
Julia RobertsSteel Magnolias
30%
Clint EastwoodUnforgiven
29.8%
Jack NicholsonEasy Rider
29.8%
Actor Film % Correct
Nicole KidmanMoulin Rouge!
24.4%
Audrey HepburnRoman Holiday
24.3%
Russell CroweThe Insider
24.1%
Kate WinsletSense and Sensibility
24.1%
Holly HunterBroadcast News
20%
Gene HackmanBonnie and Clyde
18.1%
Penelope CruzVolver
17.9%
Paul NewmanCat on a Hot Tin Roof
15.2%
Susan SarandonAtlantic City
11.4%
Sidney PoitierThe Defiant Ones
11.3%
Dame Judi DenchMrs. Brown
10.3%
Katharine HepburnMorning Glory
10.1%
Sir Laurence OlivierWuthering Heights
9.7%
Denzel WashingtonCry Freedom
8.4%
Spencer TracySan Francisco
3.5%

You're not logged in!

Compare scores with friends on all Sporcle quizzes.
OR
Log In

You Might Also Like...

Show Comments

Extras

Top Quizzes Today


Score Distribution

Your Account Isn't Verified!

In order to create a playlist on Sporcle, you need to verify the email address you used during registration. Go to your Sporcle Settings to finish the process.

Report this User

Report this user for behavior that violates our Community Guidelines.

Details: